| 000 | 00956nac a22002531u 4500 | ||
|---|---|---|---|
| 010 | _a 92070585 | ||
| 020 | _a0897212428 : | ||
| 082 | 0 | 0 |
_a635.933372 _bGOL |
| 090 |
_c8447 _d8447 |
||
| 100 | _aGoldenberg, Janet | ||
| 245 | 1 | 0 |
_aEnjoying roses / _ccreated by the editorial staff of Ortho Books ; project editor, Janet Goldenberg ; writer, Ann Reilly ; principal photographer, Saxon Holt ; illustrators, Cyndie C.H. Wooley, Ron Hildebrand. |
| 260 |
_aSan Ramon, CA : _bOrtho Books,1992 _cc1992. |
||
| 300 |
_a352 p. : _bcol. ill. ; _c29 cm. |
||
| 500 | _aIncludes index. | ||
| 500 | _aDistributer: Al-Ahram | ||
| 511 | _aCatalogued by: Sara | ||
| 650 | 0 | _aRoses. | |
| 650 | 0 | _aRose culture. | |
| 700 | 1 | _aReilly, Ann | |
| 700 | 1 | _aHolt, Saxon. | |
| 710 | 2 | _aOrtho Books. | |
| 942 |
_cBB _k635.933372GOL |
||
| 999 |
_c8447 _d8447 |
||